000 00726nam a2200205Ii 4500
003 JO-AjNU
008 230605s9999||||xx |||||||||||||| ||und||
040 _aJO-AjNU
_bara
_erda
_cJO-AjNU
041 _aara
050 1 4 _aK3224.J35.2009
100 3 _a جمال الدين ، صلاح الدين ,
_eauthor
_932400
245 0 0 _aالقانون الدولي الخاص : الاختصاص القضائى الدولى وتنازع القوانين : الكتاب الأول
250 _a(د،ط)
264 3 1 _aد ، م : د ، ن ، 2009
300 _a352ص
336 _atext
_btxt
_2rdacontent
337 _aunmediated
_bn
_2rdamedia
338 _avolume
_bnc
_2rdacarrier
650 4 _aقانون دولي خاص
_932401
999 _aA13075
_c16643
_d16643